تحليل التراكيب و الإستعمالات التطبيقية للفواصل / (رقم التسجيلة. 8167)
[ عرض عادي ]
| 000 -LEADER | |
|---|---|
| fixed length control field | 00590nam a22001817a 4500 |
| 005 - DATE AND TIME OF LATEST TRANSACTION | |
| control field | 20251108164257.0 |
| 008 - FIXED-LENGTH DATA ELEMENTS--GENERAL INFORMATION | |
| fixed length control field | 250721s1987 xx 000 0 ara d |
| 082 14 - DEWEY DECIMAL CLASSIFICATION NUMBER | |
| Classification number | 624.1513/ضيا |
| 100 1# - MAIN ENTRY--PERSONAL NAME | |
| Personal name | الراوي، ضياء يوسف |
| 245 10 - TITLE STATEMENT | |
| Title | تحليل التراكيب و الإستعمالات التطبيقية للفواصل / |
| 264 1# - PRODUCTION, PUBLICATION, DISTRIBUTION, MANUFACTURE, AND COPYRIGHT NOTICE | |
| Place of production, publication, distribution, manufacture | الموصل : |
| Name of producer, publisher, distributor, manufacturer | جامعة الموصل، |
| Date of production, publication, distribution, manufacture, or copyright notice | 1987. |
| 300 ## - PHYSICAL DESCRIPTION | |
| Extent | 138ص |
| 650 17 - SUBJECT ADDED ENTRY--TOPICAL TERM | |
| Topical term or geographic name as entry element | الجيولوجيا الهندسية |
| 650 17 - SUBJECT ADDED ENTRY--TOPICAL TERM | |
| Topical term or geographic name as entry element | الأساسات |
| 700 1# - ADDED ENTRY--PERSONAL NAME | |
| Personal name | نعمان، نزار محمد |
| 942 ## - ADDED ENTRY ELEMENTS (KOHA) | |
| Source of classification or shelving scheme | Dewey Decimal Classification |
| Koha item type | كتب |
| حالة السحب | حالة الفقدان | مصدر التصنيف | حالة التلف | غير قابل للإعارة | المكتبة الرئيسية | المكتبة الحالية | موقع الرف | تاريخ التزويد | الرقم المتسلسل | Total Checkouts | رقم الإستدعاء | الباركود | تاريخ آخر ظهور | تاريخ الفاتورة | نوع المادة (كوها) |
|---|---|---|---|---|---|---|---|---|---|---|---|---|---|---|---|
| Dewey Decimal Classification | المكتبة المركزية | المكتبة المركزية | الإعارة | 28/07/2025 | 71946 | 624.1513/ضيا | PLD00074926 | 28/07/2025 | 28/07/2025 | كتب |